000 00786nam a22002177a 4500
999 _c8987
_d8987
003 GBCCL
005 20241126110703.0
008 220211b ||||| |||| 00| 0 eng d
020 _a01417211406
040 _cGBC
082 _a820
_bCHA
100 _aChaucer, Geoffrey
_915711
245 _aNotes on Chaucer's 'Prologue to the Canterbury tales'.
260 _aLondon :
_bMethuen,
_c1975.
300 _a[6], 46 pages ;
_b22 cm.
440 _aStudy-aid series.
_915712
505 _aContains a modern English prose version of the Prologue.
650 _aChaucer, Geoffrey,
_y1400
_vCanterbury tales
_x Prologue.
_915713
650 _aCanterbury tales (Chaucer, Geoffrey) Poetry in English
_vChaucer, Geoffrey
_xCanterbury tales
_xPrologue
_xStudy outlines
_915714
942 _2ddc
_cBK